Finite mathematics: For the managerial, Life, And Social Sciences (Record no. 3978)

MARC details
005 - DATE AND TIME OF LATEST TRANSACTION
control field 20250613111253.0
020 ## - INTERNATIONAL STANDARD BOOK NUMBER
International Standard Book Number 978-0-495-38928-6
082 ## - DEWEY DECIMAL CLASSIFICATION NUMBER
Classification number 510TAN
100 ## - MAIN ENTRY--PERSONAL NAME
Author name SOO T. TAN
245 ## - TITLE STATEMENT
Title Finite mathematics: For the managerial, Life, And Social Sciences
250 ## - EDITION STATEMENT
Edition statement 9th Ed,
260 ## - PUBLICATION, DISTRIBUTION, ETC.
Place of publication, distribution, etc. USA
Name of publisher, distributor, etc. New York,
Date of publication, distribution, etc. 2009.
300 ## - PHYSICAL DESCRIPTION
Extent 407p, ill, table, figure
Other physical details Appendix, Index
Dimensions 23cm
942 ## - ADDED ENTRY ELEMENTS (KOHA)
Source of classification or shelving scheme Dewey Decimal Classification
Koha item type Books
Holdings
Date last seen Total checkouts Full call number Barcode Price effective from Koha item type Lost status Source of classification or shelving scheme Damaged status Not for loan Withdrawn status Home library Current library Shelving location Date acquired
06/13/2025   510TAN DOM000799 06/13/2025 Books   Dewey Decimal Classification       CBE Dodoma CBE Dodoma General Collection 04/06/2009